000
00254nam a2200109Ia 4500
005
20251222141808.0
008
251222s9999||||xx |||||||||||||| ||spa||
082
_a
920/B38
100
_a
"Baviera, Pilar de, Princesa"
245
0
_a
Alfonso XIII
942
_c
LIB
999
_c
6379
_d
6379